Pokémon ailés - Statistiques

Statistiques générales
  • Ce quiz a été pris 76 fois
  • Le résultat moyen est 103 sur 140
Statistiques - réponses
Pokémon % Correct
0 149 Dracolosse
100%
0 145 Électhor
100%
0 146 Sulfura
100%
0 144 Artikodin
97%
0 006 Dracaufeu
97%
0 012 Papilusion
97%
0 021 Piafabec
97%
0 022 Rapasdepic
97%
0 018 Roucarnage
97%
0 016 Roucool
97%
0 017 Roucoups
97%
0 015 Dardargnan
95%
0 250 Ho-Oh
95%
0 396 Étourmi
92%
0 249 Lugia
92%
0 398 Étouraptor
89%
0 123 Insécateur
89%
0 042 Nosferalto
89%
0 041 Nosferapti
89%
0 142 Ptéra
89%
0 049 Aéromite
87%
0 724 Archéduc
87%
0 722 Brindibou
87%
0 397 Étourvol
87%
0 267 Charmillon
84%
0 277 Hélédelle
84%
0 163 Hoothoot
84%
0 276 Nirondelle
84%
0 164 Noarfang
84%
0 169 Nostenfer
84%
0 269 Papinox
84%
0 083 Canarticho
82%
0 823 Corvaillus
82%
0 580 Couaneton
82%
0 165 Coxy
82%
0 166 Coxyclaque
82%
0 663 Flambusard
82%
0 717 Yveltal
82%
0 334 Altaria
79%
0 212 Cizayox
79%
0 521 Déflaisan
79%
0 723 Efflèche
79%
0 581 Lakmécygne
79%
0 661 Passerouge
79%
0 519 Poichigeon
79%
0 468 Togekiss
79%
0 193 Yanma
79%
0 469 Yanmega
79%
0 715 Bruyverne
76%
0 251 Celebi
76%
0 527 Chovsourir
76%
0 520 Colombeau
76%
0 430 Corboss
76%
0 198 Cornèbre
76%
0 373 Drattak
76%
0 821 Minisange
76%
0 395 Pingoléon
76%
0 528 Rhinolove
76%
0 714 Sonistrelle
76%
0 393 Tiplouf
76%
0 176 Togetic
76%
0 635 Trioxhydre
76%
0 333 Tylton
76%
0 644 Zekrom
76%
0 567 Aéroptéryx
74%
0 227 Airmure
74%
0 416 Apireine
74%
0 415 Apitrini
74%
0 733 Bazoucan
74%
0 279 Bekipan
74%
0 822 Bleuseille
74%
0 662 Braisillon
74%
0 487 Giratina
74%
0 278 Goélise
74%
0 628 Gueriaigle
74%
0 380 Latias
74%
0 381 Latios
74%
0 330 Libégon
74%
0 394 Prinplouf
74%
0 629 Vostourno
74%
0 627 Furaiglon
71%
0 792 Lunala
71%
0 865 Palarticho
71%
0 414 Papilord
71%
0 441 Pijako
71%
0 637 Pyrax
71%
0 643 Reshiram
71%
0 630 Vaututrice
71%
0 329 Vibraninf
71%
0 982 Deusolourdo
68%
0 206 Insolourdo
68%
0 646 Kyurem
68%
0 177 Natu
68%
0 741 Plumeline
68%
0 178 Xatu
68%
0 566 Arkéapti
66%
0 701 Brutalibré
66%
0 912 Coiffeton
66%
0 962 Lestombaile
66%
0 994 Mite-de-Fer
66%
0 291 Ninjask
66%
0 914 Palmaval
66%
0 731 Picassaut
66%
0 732 Piclairon
66%
0 988 Rampe-Ailes
66%
0 207 Scorplane
66%
0 472 Scorvol
66%
0 940 Zapétrel
66%
0 913 Canarbello
63%
0 561 Cryptéro
63%
0 621 Drakkarmin
63%
0 292 Munja
63%
0 290 Ningale
63%
0 993 Têtes-de-Fer
63%
0 225 Cadoizo
61%
0 941 Fulgulairo
61%
0 402 Mélokrik
61%
0 666 Prismillon
61%
0 973 Flamenroule
58%
0 036 Mélodelfe
58%
0 845 Nigosier
58%
0 214 Scarhino
58%
0 357 Tropius
58%
0 826 Astronelle
55%
0 873 Beldeneige
55%
0 900 Hachécateur
55%
0 991 Hotte-de-Fer
55%
0 284 Maskadra
55%
0 742 Bombydou
53%
0 313 Muciole
53%
0 841 Pomdrapi
53%
0 931 Tapatoès
53%
1 016 Favianos
50%
0 314 Lumivole
50%
0 804 Mandrillon
50%
1 005 Rugit-Lune
50%
0 875 Bekaglaçon
47%
0 738 Lucanon
42%
0 743 Rubombelle
39%
0 956 Cléopsytra
37%
Aucun quiz correspondant
Distribution des résultats
% des personnes avec chaque résultat
Percentile par nombre de réponses
Votre historique - résultats
Vous n’avez pas pris ce quiz